Sports Quiz

Random Sports or Rugby Quiz
Score 0/28 Timer 07:00
0 Plays Today
Year % Correct
2006Cameron Smith
87.5%
2007Jonathon Thurston
85.7%
2005Jonathon Thurston
85.7%
2002Andrew Johns
85.4%
1999Andrew Johns
85.4%
1998Andrew Johns
85.4%
2009Jarryd Hayne
64.5%
1987Peter Sterling
62.3%
1986Peter Sterling
62.3%
1996Allan Langer
58.6%
1995Laurie Daley
52%
2008Matt Orford
49.5%
1993Ricky Stuart
43.3%
1994Cliff Lyons
34%
Year % Correct
1990Cliff Lyons
34%
1983Terry Lamb
32.1%
2001Preston Campbell
31.8%
1982Ray Price
30.8%
1985Greg Alexander
29.3%
2004Danny Buderus
27.4%
1989Gavin Miller
24.6%
1988Gavin Miller
24.6%
2000Trent Barrett
21.5%
1991Michael Potter
14.6%
1984Michael Potter
14.6%
1992Gary Freeman
14%
1981Steve Rogers
12.8%
1980Robert Laurie
12.5%
Remove Ads.
Support Sporcle.
Get the best of Sporcle when you Go Orange. This ad-free experience offers more features, more stats, and more fun while also helping to support Sporcle. Thank you for becoming a member.

You're not logged in!

Compare scores with friends on all Sporcle quizzes.
OR
Log In

Show Comments

Extras

Created Sep 28, 2009ReportNominate
Tags:Rugby Quiz, Award, League, Winner

Top Quizzes Today


Score Distribution

Your Account Isn't Verified!

In order to create a playlist on Sporcle, you need to verify the email address you used during registration. Go to your Sporcle Settings to finish the process.

Report this User

Report this user for behavior that violates our Community Guidelines.

Details: